| 000 | 00913nam a2200253 a 4500 | ||
|---|---|---|---|
| 001 | 000041127 | ||
| 003 | DO-SdBNP | ||
| 005 | 20250708094638.0 | ||
| 008 | 090826s1987 dr r 000 e spa d | ||
| 040 |
_aDO-SdBNP _bspa _cBNPHU |
||
| 082 |
_a363.8097293 _bM671b |
||
| 100 | 1 |
_aMir, Pedro, _d1913-2000 _97245 |
|
| 245 | 1 | 3 |
_aLos orígenes del hambre en la República Dominicana / _cPedro Mir. |
| 246 | 1 | 4 | _aHistoria del hambre : sus orígenes en la historia dominicana |
| 260 |
_aSanto Domingo : _bCorripio, _c1987. |
||
| 300 |
_a255 p. ; _c24 cm. |
||
| 504 | _aBibliografía : p. 253-255 | ||
| 590 | _aInventariado, 2019/BT | ||
| 650 | 4 |
_aHambre _zRepública Dominicana _xHistoria _967671 |
|
| 650 | 0 |
_aAbastecimiento de alimentos _zRepública Dominicana _xHistoria _95254 |
|
| 651 | 4 |
_aRepública Dominicana _xCondiciones Económicas _9281 |
|
| 910 | _aValidado. Control de calidad MFF | ||
| 942 |
_2ddc _cLBS1 |
||
| 999 |
_c40617 _d40617 |
||